Dual diagnosis : (Record no. 787)

MARC details
000 -LEADER
fixed length control field 00847fam a2200265 a 4500
005 - DATE AND TIME OF LATEST TRANSACTION
control field 20260322212034.0
008 - FIXED-LENGTH DATA ELEMENTS--GENERAL INFORMATION
fixed length control field data
010 ## - LIBRARY OF CONGRESS CONTROL NUMBER
LC control number 00063637
020 ## - INTERNATIONAL STANDARD BOOK NUMBER
International Standard Book Number 1572304464 (pbk.)
020 ## - INTERNATIONAL STANDARD BOOK NUMBER
International Standard Book Number 9781572304468 (pbk.)
040 ## - CATALOGING SOURCE
Original cataloging agency DLC
Transcribing agency DLC
Modifying agency DLC
042 ## - AUTHENTICATION CODE
Authentication code pcc
050 00 - LIBRARY OF CONGRESS CALL NUMBER
Classification number RC564.68
Item number .E95 2001
096 ## - LOCALLY ASSIGNED NLM-TYPE CALL NUMBER (OCLC)
Classification number WM 55 E923d 2001
001 - CONTROL NUMBER
control field data
100 1# - MAIN ENTRY--PERSONAL NAME
Personal name Evans, Katie.
245 10 - TITLE STATEMENT
Title Dual diagnosis :
Remainder of title counseling the mentally ill substance abuser /
Statement of responsibility, etc. Katie Evans & J. Michael Sullivan.
250 ## - EDITION STATEMENT
Edition statement 2nd ed.
260 ## - PUBLICATION, DISTRIBUTION, ETC.
Place of publication, distribution, etc. New York :
Name of publisher, distributor, etc. Guilford Press,
Date of publication, distribution, etc. c2001.
300 ## - PHYSICAL DESCRIPTION
Extent xiii, 290 p. ;
Dimensions 23 cm.
504 ## - BIBLIOGRAPHY, ETC. NOTE
Bibliography, etc. note Includes bibliographical references (p. 255-279) and index.
590 ## - LOCAL NOTE (RLIN)
Local note Includes bibliographical references (p. 255-279) and index.
650 #0 - SUBJECT ADDED ENTRY--TOPICAL TERM
Topical term or geographic name entry element Dual diagnosis
General subdivision Counseling of.
-- Counseling of.
700 1# - ADDED ENTRY--PERSONAL NAME
Personal name Sullivan, J. Michael.
Holdings
Withdrawn status Lost status Damaged status Not for loan Home library Current library Shelving location Date acquired Total checkouts Full call number Barcode Date last seen Price effective from Koha item type
        Riverside Riverside General stacks 22/03/2026   RC564.68 .E95 2001 BC0010809 22/03/2026 22/03/2026 Books